| 000 | 00883nam a22002297a 4500 | ||
|---|---|---|---|
| 003 | OSt | ||
| 005 | 20220427114128.0 | ||
| 008 | 110301s2017 dr 000 0 spa d | ||
| 040 |
_aDO-SdBNP _bspa _cBNPHU |
||
| 082 |
_axxxx _bP349d |
||
| 100 | 1 |
_aPeña Guaba, José Francisco _953018 |
|
| 245 | 1 | 0 |
_aDestrucción del sistema de partidos : _bAnálisis sobre el umbral mínimo para mantener la personería jurídica / _cJosé Francisco Peña Guaba, Sergio Ortiz Valenzuela |
| 260 |
_aSanto Domingo : _bFOPPPREDOM. _c2017. |
||
| 300 |
_a48 p. : _c23 cm. |
||
| 490 | 1 |
_aCuadernos por la Democracia _v2 |
|
| 590 | _aInventariado, 2022/ YL | ||
| 700 | 1 | 2 |
_aOrtiz Valenzuela, Sergio _981510 |
| 710 |
_aForo permanente de partidos políticos de la República Dominicana (FOPPPREDOM) _981511 |
||
| 830 | 0 |
_nCuadernos por la Democracia _p2 _981429 |
|
| 910 | _aYLockward | ||
| 942 |
_2ddc _cLF2 |
||
| 999 |
_c51594 _d51594 |
||